000 00484cam a2200193 4500
001 D1828
008 090401t1982 xxu||||| |||| 00| 0 eng d
035 _a(Sirsi) u66082
041 _aeng
050 _a692.5
110 _aBuilding Maintenance Cost Information Service
_91702
245 _aBuilding maintenance price book 1982-83
250 _a3rd
260 _aKingston upon Thames
_bBMCIS
_c1982
300 _a160p. 21cm
350 _a10
942 _n0
948 _c04/03/1997
999 _c94819
_d94819